| 000 | 00488nam a22001697a 4500 | ||
|---|---|---|---|
| 005 | 20231107130622.0 | ||
| 008 | 231107b |||||||| |||| 00| 0 eng d | ||
| 020 | _a0702106216 | ||
| 041 | _aEnglish | ||
| 082 | _a346.43 DOY | ||
| 100 |
_aDoyle, MS _lEnglish |
||
| 245 |
_aLease Valuation Tables / _cMS Doyle |
||
| 260 |
_aCape Town : _bJuta and Company Ltd, _c1975 |
||
| 300 |
_b47 pages ; _c23 cm. |
||
| 650 |
_aLegal practice _bLaw |
||
| 942 |
_cBK _6ALISON_BN_VRIES |
||
| 999 |
_c378 _d378 |
||